000 00336nam a22001457a 4500
003 SGT
005 20260527142812.0
020 _a9789048180905
082 _a624.15
_bRIT
100 _aRITZ KARL
245 _aCRIMINAL AND ENVIRONMENTAL SOIL FORENSICS
260 _aSINGPORE
_bSPRINGER PUB
_c2009
300 _a519
942 _2ddc
_cBK
999 _c34897
_d34897